000
00295nam a22001337a 4500
003
SGT
082
_a
615.53
_b
S05K
100
_a
KUMAR, SUDHIR
245
_a
SCIENTIFIC EXPOSITION OF AYURVEDA
260
_a
VARANASI
_b
CHAUKHAMBHA PUB
_c
2005
300
_a
436
650
_a
AYURVEDA
942
_2
ddc
_c
BK
999
_c
8754
_d
8754